000 01319cam a22004214i 4500
003 PE-LiUPU
005 20250731173051.0
008 150215s1972 nyu rb 000 0 spa d
035 _a(Sirsi) a241305
040 _aPE-LiUPU
_bspa
_cPE-LiUPU
_erda
049 _aPRUA
082 0 4 _a296
_bD16
100 1 _aDarms, Anton,
_eautor.
245 1 4 _aThe delusion of britis-Israelism :
_ba comprehensive treatise /
_cAnton Darms.
264 1 _aNey York :
_bLoizeaux brothers,
_c1972.
300 _a223 páginas ;
_c20 centímetros
336 _atext
_2rdacontent
337 _aunmediated
_2rdamedia
338 _avolume
_2rdacarrier
504 _aBibliografía : páginas 221-223.
505 0 _aThe jews-- twelve-tribed israel -- Palestine, not britian, the appointed place -- Great britain's place in prophecy.
526 _aSEG42
526 _aSEG41
526 _aSEG40
526 _aSEG39
526 _aP94
526 _aP87
526 _aP86
526 _aP85
526 _aP77
526 _aP76
526 _aP35
942 _2ddc
_cBOOK
994 _aC0
_bPEPRU
596 _a1
999 _a296 D16
_wDEWEY
_c26942
_i78288
_f2021-11-12
_g4
_lCCODEBUL1
_mBUL
_r0
_sY
_tBOOK
_u2018-2-15
_xTEOLOGIA
_PP35
_0COMPRA
_o.STAFF. Colección Teología
_d26942
980 _81
_gALBERTO SANCHEZ Responsable de Automatización